Quiz sur le 6e arrondissement de Paris - Statistiques

Statistiques générales
  • Ce quiz a été pris 36 fois
    16 depuis la dernière actualisation
  • Le résultat moyen est 14 sur 20
Statistiques - réponses
Question Réponse % Correct
Nom de l'arrondissement Luxembourg
100%
Quel chanteur franco-arménien, auteur de La Bohème et d'Emmenez-moi, est natif de l'arrondissement ? Charles Aznavour
93%
Quelle institution voisine fondée par le cardinal de Richelieu a notamment pour fonction de tenir à jour le dictionnaire de la langue française ? L'Académie française
87%
Quel boulevard, séparant les 5e et 6e arrondissements, est surnommé familièrement Boul'Mich' ? Le boulevard Saint-Michel
87%
Quelle ville bretonne donne son nom à une rue majeure du 6e arrondissement ainsi qu'à une station de la ligne 12, également ancien nom de la gare Montparnasse ? Rennes
87%
Quelle école assurant la sélection des hauts fonctionnaires de l'État était située à côté de Sciences Po Paris avant de déménager à Strasbourg en 1991 et de se faire remplacer par l'INSP en 2022 ? L'École nationale d'administration
80%
Quelle institution politique siège au palais du Luxembourg ? Le Sénat
80%
Quartiers administratifs Odéon
80%
Quel très célèbre monument newyorkais possède un double miniature dans le jardin du Luxembourg, également réalisé par Auguste Bartholdi ? La statue de la Liberté
73%
Quel établissement scolaire privé catholique fut au centre de nombreuses affaires judiciaires et polémiques, dont une impliquant l'ancienne ministre de l'Éducation nationale Amélie Oudéa-Castéra en 2024 ? Le collège Stanislas
73%
Quartiers administratifs Saint-Germain-des-Prés
73%
L'abbaye Saint-Germain-des-Prés était l'ancienne nécropole royale avant que cette basilique ne soit construite en banlieue de Paris Basilique Saint-Denis
67%
En 2025, contre l'installation quelle enseigne de supermarché les habitants du 6e arrondissement (dont Alain Souchon, Catherine Frot et Alain Finkielkraut) ont-ils protesté ? Carrefour City
67%
Quel avocat et figure majeure de la Révolution fonda le club des Cordeliers en 1790 avec Camille Desmoulins et Jean-Paul Marat ? Georges Danton
67%
Quel couple de philosophes existentialistes du XXe siècle étaient des habitués du café Les Deux Magots ? Jean-Paul Sartre
67%
Quelle pièce de théâtre de Beaumarchais suivant le Barbier de Séville, adaptée plus tard par Mozart en opéra, a été jouée pour la première fois au théâtre de l'Odéon en 1784 ? Le Mariage de Figaro
67%
Quel couple de philosophes existentialistes du XXe siècle étaient des habitués du café Les Deux Magots ? Simone de Beauvoir
67%
Quelle école d'art de renom faisant partie de l'université PSL abritait des ateliers d'architecture jusqu'en 1968 ? Les Beaux-Arts de Paris
47%
Quartiers administratifs Notre-Dame-des-Champs
47%
Quartiers administratifs Monnaie
33%
Aucun quiz correspondant
Distribution des résultats
% des personnes avec chaque résultat
Percentile par nombre de réponses
Votre historique - résultats
Vous n’avez pas pris ce quiz depuis la dernière actualisation